000 00400nam a22001337a 4500
999 _c9031
_d9031
003 OSt
008 200715b ||||| |||| 00| 0 eng d
100 _a Naik , Suresh Ramnath and Ansari , Afaque Raza Mehboob
245 _aAdvances in formulation & Technology of Sterials Product
250 _a2018
260 _aNew Delhi
_bNirali
650 _aPharmaceutical Dosage form /Cosmetic
942 _2ddc
_cBK